书目信息 |
| 题名: |
四旋翼飞行器快速上手
|
|
| 作者: | 陈志旺 编著 | |
| 分册: | ||
| 出版信息: | 北京 电子工业出版社 2017.08 |
|
| 页数: | 258页 | |
| 开本: | 26cm | |
| 丛书名: | ||
| 单 册: | ||
| 中图分类: | V47 | |
| 科图分类: | ||
| 主题词: | 无人驾驶飞行器--研究 | |
| 电子资源: | ||
| ISBN: | 978-7-121-32548-9 | |
| 000 | 00831nam0 2200229 450 | |
| 001 | 5732 | |
| 005 | 20181020151140.84 | |
| 010 | @a978-7-121-32548-9@dCNY49.90 | |
| 100 | @a20180217d2017 em y0chiy50 ea | |
| 101 | 0 | @achi |
| 102 | @aCN@b110000 | |
| 105 | @aa z 000yy | |
| 200 | 1 | @a四旋翼飞行器快速上手@9si xuan yi fei xing qi kuai su shang shou@f陈志旺等编著 |
| 210 | @a北京@c电子工业出版社@d2017.08 | |
| 215 | @a258页@c图@d26cm | |
| 330 | @a本书以四旋翼飞行器涉及的嵌入式系统基本概念、原理、定律和嵌入式系统软/硬件开发方法为主线,以“实际、实用、实践”为原则,淡化理论深度,突出工程应用,构建科学、协调、可操作的内容体系。 | |
| 510 | 1 | @aQuadrotor aircraft@zeng |
| 606 | 0 | @a无人驾驶飞行器@x研究 |
| 690 | @aV47@v5 | |
| 701 | 0 | @a陈志旺@9chen zhi wang@4编著 |
| 801 | 0 | @aCN@b91MARC@c20180217 |
| 905 | @aMuseLib@dV47@e57 | |
| 四旋翼飞行器快速上手/陈志旺等编著.-北京:电子工业出版社,2017.08 |
| 258页:图;26cm |
| ISBN 978-7-121-32548-9:CNY49.90 |
| 本书以四旋翼飞行器涉及的嵌入式系统基本概念、原理、定律和嵌入式系统软/硬件开发方法为主线,以“实际、实用、实践”为原则,淡化理论深度,突出工程应用,构建科学、协调、可操作的内容体系。 |
| ● |
| 相关链接 |
|
|
|
|
正题名:四旋翼飞行器快速上手
索取号:V47/57
 
预约/预借
| 序号 | 登录号 | 条形码 | 馆藏地/架位号 | 状态 | 备注 |
| 1 | 1131021 | 211310213 | 第二样本阅览室/ [索取号:V47/57] | 在馆 | |
| 2 | 1131022 | 211310222 | 密集书库-物理学院/ [索取号:V47/57] | 在馆 | |
| 3 | 1131023 | 211310231 | 第三借阅区/ [索取号:V47/57] | 在馆 |